000 00571nam a2200181 a 4500
001 000046878
005 20201002053158.0
008 180404s200u dr a 000 0 spa d
040 _aDO-SdBNP
_bspa
_cBNPHU
082 _axxx
_bxxx
245 0 0 _aLibro de colorear :
_bcolorea divertidas imágenes /.
260 _a[San Pedro de Macorís, República Dominicana] :
_bEditora y papelería 23,
_c[200-].
300 _a28 p. :
_bil. ;
_c27 cm.
490 1 _aCorocoro
500 _aLibro para colorear, infantil
590 _aInventariado, 2018/ YL
830 0 _aCorocoro
_974824
999 _c46367
_d46367